00920nam a2200241 a 450000100100000000500170001000800410002704000250006808200250009310000420011824500510016025000110021126000580022230000280028049000430030850000500035165000360040165000370043783000490047404900090052395201290053299900170066100002444620200930023158.0110127s1963 pr a r 000 p spa d aDO-SdBNPbspacBNPHU aPR861.3bD259l, 19631 aDávila, Virgilio,d1869-194394080810aUn libro para mis nietos /cVirgilio Dávila. a2a ed. aSan Juan, Puerto Rico :bEditorial Cordillera,c1963. a126 p. :bil. ;c20 cm.1 aLos Grandes Escritores de Puerto Rico. aIncluye nota crítica Cesáreo Rosa-Nieves. 4aPoesía puertorriqueña91015 4aLiteratura puertorriqueña9250 4aLos Grandes Escritores de Puerto Rico.94237 aBNGR 001054708MOaGRbGRcCTd2011-01-27iLF1l0oPR861.3 D259l, 1963p24446-10r2020-06-25w2020-06-25y4ZPréstamo en sala c23939d23939